Chaine de mots - culture générale - Statistiques

Statistiques générales
  • Ce quiz a été pris 567 fois
  • Le résultat moyen est 13 sur 32
Statistiques - réponses
Hint Réponse % Correct
Donald, président des États-Unis Trump
99%
Opposé au paradis Enfer
92%
Premier jour de la semaine Lundi
73%
Ferme des prairies américaines Ranch
73%
Métal lourd et facilement malléable Plomb
71%
Sandwich turc Kébab
70%
Religion de Mahomet Islam
68%
Roi du monde souterrain pour les grecs Hadès
67%
Sa couche protège les dents Émail
66%
Danse argentine Tango
62%
Une pierre précieuse Rubis
56%
Drogue extraite du pavot Opium
51%
Capitale biélorusse Minsk
45%
Alliage ferreux Acier
43%
Rien. Rien du tout. Néant
42%
Manufacture Usine
37%
Un devoir surveillé Exam
33%
Boîte à bijoux Écrin
30%
Correct, juste Exact
28%
Patrie de N'Djaména Tchad
27%
Patrie de Libreville Gabon
25%
Monde arabe Maghreb
23%
Vêtement acceptable au travail Chemise
20%
C'est un véritable fiasco ! Échec
20%
Type de récipient Mug
18%
Permettait au prisonnier d'être plus docile Boulet
13%
Utilsé dans la salle de bain Dentifrice
12%
Employé par certaines entreprises Stagiaire
5%
Prénom commençant par S désignant sagesse en grec Sonia
4%
Permet de voyager d'un point A à un point B Bagnole
3%
Personne stupide Brelle
2%
Utile pour se laver en 2 mots Ballon d'eau
1%
Aucun quiz correspondant
Distribution des résultats
% des personnes avec chaque résultat
Percentile par nombre de réponses
Votre historique - résultats
Vous n’avez pas pris ce quiz